Flags of Countries in Euro 2004 - Statistics

General Stats
  • This quiz has been taken 23 times
  • The average score is 16 of 16
Answer Stats
Picture Answer % Correct
Croatia
100%
Czech Republic
100%
Denmark
100%
France
100%
Germany
100%
Greece
100%
Italy
100%
Portugal
100%
Russia
100%
Spain
100%
Sweden
100%
Switzerland
100%
England
94%
Latvia
94%
Netherlands
94%
Bulgaria
89%
No matching quizzes found
Score Distribution
Percent of People with Each Score
Percentile by Number Answered
Your Score History
You have not taken this quiz